The arts of Japan
Guardat en:
| Autor principal: | |
|---|---|
| Format: | Llibre |
| Idioma: | anglès |
| Publicat: |
Nueva York
Kodansha International
1978
|
| Col·lecció: | Japanese Arts Library Series
|
| Matèries: | |
| Etiquetes: |
Afegir etiqueta
Sense etiquetes, Sigues el primer a etiquetar aquest registre!
|
MARC
| LEADER | 00000nam a2200000 a 4500 | ||
|---|---|---|---|
| 001 | UCS8958 | ||
| 003 | CL-VaPUC | ||
| 008 | 971113e19780000US |||||||||||||||||eng|d | ||
| 082 | 0 | 4 | |a 709.52 |b NOM |2 21 |
| 100 | 0 | |a Noma, Seiroku |e author |9 393713 | |
| 245 | 1 | 4 | |a The arts of Japan |
| 300 | |a v | ||
| 942 | |c BK | ||
| 945 | |d 19971113 00:00:00 |a jquezada | ||
| 260 | |a Nueva York |b Kodansha International |c 1978 | ||
| 500 | |a v.1:Ancient and medieval | ||
| 500 | |a v.2:Late medieval to modern | ||
| 650 | 0 | |a Historia |9 255047 | |
| 650 | 0 | |a Arte |9 265238 | |
| 650 | 0 | |a Artesanía |9 353181 | |
| 650 | 0 | |a Arquitectura |9 804558 | |
| 650 | 7 | |a CASTILLOS |2 CL-VaPUC |9 393715 | |
| 583 | |a last modification |c 19971113 00:00:00 |k Rodrigo Vera | ||
| 490 | 0 | |a Japanese Arts Library Series | |
| 999 | |c 263041 |d 263039 | ||
| 952 | |0 0 |1 0 |4 0 |6 709_520000000000000_NOM_1978 |7 0 |8 A |9 292121 |a BIBGIM |b BIBGIM |d 2019-11-19 |h v.1 |i 3364178 |l 1 |o 709.52 NOM 1978 |p 3364178 |r 2025-01-15 |s 2023-10-20 |w 2019-11-19 |y BK |k ORI | ||
| 952 | |0 0 |1 0 |4 0 |6 709_520000000000000_NOM_1978 |7 0 |8 A |9 292122 |a BIBGIM |b BIBGIM |d 2019-11-19 |h v.2 |i 3364186 |l 1 |o 709.52 NOM 1978 |p 3364186 |r 2025-01-15 |s 2023-10-20 |w 2019-11-19 |y BK |k ORI | ||